| 000 | 00638nam a2200217Ia 4500 | ||
|---|---|---|---|
| 005 | 20241129111206.0 | ||
| 008 | 241129s9999||||xx |||||||||||||| ||und|| | ||
| 020 | _a978-3-030-60780-7 | ||
| 037 | _aTB | ||
| 040 |
_aCRL _beng _cCRL |
||
| 041 |
_aeng _2eng |
||
| 084 |
_aX:3M24xM18 R1 _qCRL |
||
| 100 |
_aMusto Marcello Au. _9723588 |
||
| 245 | 0 |
_aKarl Marx's writings on alienation _cMusto Marcello Au. |
|
| 260 |
_aToronto, Canada _bToronto Palgrave Macmillan _c2021 |
||
| 300 | _axx,164p. | ||
| 365 |
_aEURO _b74.99 |
||
| 650 |
_aEconomicsMarxism _9726251 |
||
| 942 |
_cTB _hX:3M24xM18 R1 |
||
| 999 |
_c1229328 _d1229328 |
||